000 00687cam a22002291 4500
001 sa 68002478
003 DLC
005 20260227112443.0
008 850406s1967 ii 000 1 malx
010 _asa 68002478
020 _cRs5.00
025 _aPL480:I-Mal-1009
035 _a(OCoLC)13888632
040 _aDLC
_cNN
_dDLC
042 _apremarc
050 0 0 _aPL4718.9.V28
_bN3
100 1 _aVarkey, Muttathu,
_d1915-
245 1 0 _aNāttūn,
_bnōval.
_c[Granthakarttā] Muṭṭattu Varkki.
260 _aKōṭṭayaṃ,
_bSāhityapravarttaka Sahakaraṇasaṅghaṃ;
_b[Sales Dept.] Nāṣanal Bukkst̲t̲āḷ
_c[1967]
300 _a372 p.
_c18 cm.
500 _aIn Malayalam.
999 _c78753
_d78753